<?xml version="1.0" encoding="UTF-8"?>
<record
    xmlns:xsi="http://www.w3.org/2001/XMLSchema-instance"
    xsi:schemaLocation="http://www.loc.gov/MARC21/slim http://www.loc.gov/standards/marcxml/schema/MARC21slim.xsd"
    xmlns="http://www.loc.gov/MARC21/slim">

  <leader>02571nab a2200337uuc4500</leader>
  <controlfield tag="001">1205502</controlfield>
  <controlfield tag="003">OSt</controlfield>
  <controlfield tag="005">20240829091748.0</controlfield>
  <controlfield tag="008">100628s2010                        spa  </controlfield>
  <datafield tag="035" ind1=" " ind2=" ">
    <subfield code="a">1205502</subfield>
  </datafield>
  <datafield tag="035" ind1=" " ind2=" ">
    <subfield code="a">(OCoLC)820546482</subfield>
  </datafield>
  <datafield tag="040" ind1=" " ind2=" ">
    <subfield code="c">comduadb</subfield>
  </datafield>
  <datafield tag="041" ind1=" " ind2=" ">
    <subfield code="a">spa</subfield>
  </datafield>
  <datafield tag="100" ind1="1" ind2="0">
    <subfield code="a">Sanchez Paya, J.</subfield>
    <subfield code="4">aut</subfield>
    <subfield code="e">aut</subfield>
    <subfield code="9">612266</subfield>
  </datafield>
  <datafield tag="245" ind1="1" ind2="0">
    <subfield code="a">Resultados de un programa de prevenci&#xF3;n de exposiciones accidentales a fluidos biol&#xF3;gicos en personal sanitario basado en la mejora del grado de cumplimiento de las precauciones est&#xE1;ndar</subfield>
  </datafield>
  <datafield tag="260" ind1=" " ind2=" ">
    <subfield code="c">2010.</subfield>
  </datafield>
  <datafield tag="520" ind1="3" ind2=" ">
    <subfield code="a">Objetivo: Evaluar un programa de prevenci&#xF3;n de exposiciones accidentales a fluidos biol&#xF3;gicos basado en la mejora del grado de cumplimiento (GC) de las Precauciones Est&#xE1;ndar (PE). Material y m&#xE9;todos: Intervenciones: primera (realizaci&#xF3;n sesiones de actualizaci&#xF3;n y reparto de tr&#xED;pticos informativos), y segunda (reparto de tr&#xED;pticos). Indicadores: Nivel de Conocimientos (NC), medido con un cuestionario de cinco preguntas, se consider&#xF3; inadecuado cuando se fallaban tres o m&#xE1;s preguntas; GC de PE medido en cuatro &#xE1;reas (Higiene Manos -HM-, utilizaci&#xF3;n de guantes -UG-, utilizaci&#xF3;n adecuada m&#xE9;todos barrera -UAMB- y manejo adecuado objetos cortantes -MAOC-; Incidencia de inoculaciones y de exposiciones de mucosas a fluidos corporales. Resultados: La frecuencia de cuestionarios inadecuados paso del 54,6% al 23,3%(&lt;0.001). La frecuencia HM pas&#xF3; del 53,5% al 58,2%(&lt;0,01), la UG del 78,7% al 84,6%(0,058), el UAMB del 53,8% al 55.5%(N.S.) y el MAOC del 52,9% al 54,0%(N.S.). La Incidencia inoculaciones paso del 5,53% al 4,98%(N.S.) y las exposiciones de mucosas del 0,95% al 0,81%(N.S.). Conclusiones: El programa ha mejorado los conocimientos del personal sobre PE, y el GC de PE y ha disminuido la incidencia exposiciones accidentales a fluidos biol&#xF3;gicos, aunque no de manera estad&#xED;sticamente significativa.</subfield>
  </datafield>
  <datafield tag="650" ind1=" " ind2=" ">
    <subfield code="a">Prevenci&#xF3;n en salud</subfield>
    <subfield code="9">18825</subfield>
  </datafield>
  <datafield tag="650" ind1=" " ind2=" ">
    <subfield code="a">Fluidos biol&#xF3;gicos</subfield>
    <subfield code="9">188246</subfield>
  </datafield>
  <datafield tag="650" ind1=" " ind2=" ">
    <subfield code="a">Riesgos biol&#xF3;gicos</subfield>
    <subfield code="9">108807</subfield>
  </datafield>
  <datafield tag="650" ind1=" " ind2="7">
    <subfield code="a">Bioseguridad</subfield>
    <subfield code="2">lemb</subfield>
    <subfield code="9">53228</subfield>
  </datafield>
  <datafield tag="700" ind1="1" ind2="0">
    <subfield code="a">Garcia Shimizu, P.</subfield>
    <subfield code="4">aut</subfield>
    <subfield code="e">aut</subfield>
    <subfield code="9">612526</subfield>
  </datafield>
  <datafield tag="700" ind1="1" ind2="0">
    <subfield code="a">Barrenengoa Sa&#xF1;udo, J</subfield>
    <subfield code="4">aut</subfield>
    <subfield code="e">aut</subfield>
    <subfield code="9">612527</subfield>
  </datafield>
  <datafield tag="700" ind1="1" ind2="0">
    <subfield code="a">Martinez, H.</subfield>
    <subfield code="4">aut</subfield>
    <subfield code="e">aut</subfield>
  </datafield>
  <datafield tag="700" ind1="1" ind2="0">
    <subfield code="a">Fuster P&#xE9;rez, M</subfield>
    <subfield code="4">aut</subfield>
    <subfield code="e">aut</subfield>
    <subfield code="9">600123</subfield>
  </datafield>
  <datafield tag="700" ind1="1" ind2="0">
    <subfield code="a">Garc&#xED;a Gonz&#xE1;lez, C.</subfield>
    <subfield code="4">aut</subfield>
    <subfield code="e">aut</subfield>
    <subfield code="9">600124</subfield>
  </datafield>
  <datafield tag="700" ind1="1" ind2="0">
    <subfield code="a">Camargo &#xC1;ngeles, R</subfield>
    <subfield code="4">aut</subfield>
    <subfield code="e">aut</subfield>
    <subfield code="9">596229</subfield>
  </datafield>
  <datafield tag="700" ind1="1" ind2="0">
    <subfield code="a">Sanjuan Quiles, Angela</subfield>
    <subfield code="4">aut</subfield>
    <subfield code="e">aut</subfield>
    <subfield code="9">469874</subfield>
  </datafield>
  <datafield tag="773" ind1="0" ind2=" ">
    <subfield code="t">Trauma (Madrid)</subfield>
    <subfield code="g">Vol. 21, No. 01, Ene.-Mar. 2010, 64-71</subfield>
    <subfield code="w">1142282</subfield>
    <subfield code="x">1888-6116</subfield>
    <subfield code="0">506338</subfield>
  </datafield>
  <datafield tag="942" ind1=" " ind2=" ">
    <subfield code="c">ARIMP</subfield>
    <subfield code="2">ddc</subfield>
  </datafield>
  <datafield tag="999" ind1=" " ind2=" ">
    <subfield code="c">559480</subfield>
    <subfield code="d">559480</subfield>
  </datafield>
</record>
